000
00311nam a2200109Ia 4500
008
220204s9999 xx 000 0 und d
082
_a
066.022
_b
HAR
100
_a
Harris, William T
245
0
_a
Chemical milling: the technology of cutting materials by etching
260
_a
Oxford
_b
Clarendon
_c
1976
942
_c
BK
999
_c
32011
_d
32011